000 00617nam a2200193 4500
001 86522
003 BD-RjUL
005 20260520123422.0
008 260520s1959 urd||||| |||| 00| 0 urd d
035 _a(BD-RjUL) 86522
040 _aBD-RjUL
_beng
_cBD-RjUL
041 _aurd
082 _223
_a330
_bMAI 1959
245 1 0 _aاسلام اور جدید معاشی نظریات ;; Islam Aur jadid mashi nazaryat /
_cابوالاعلی مودودی ;;Abul Ala Maududi
260 _aKarachi :
_bIslamic pub. ;
_c1959
300 _a167 p;
_c17 cm
650 _aIslam and modern economic theories
_918553
942 _2ddc
_cBK
999 _c86522
_d86522